| 000 | 00798nam a22002537a 4500 | ||
|---|---|---|---|
| 001 | AUWbook033513 | ||
| 003 | BDCtgAUW | ||
| 005 | 20260511211327.0 | ||
| 008 | 260511b ja ||||| |||| 00| 0 jpn d | ||
| 020 | _a9784872176711 | ||
| 040 |
_aBDCtgAUW _cBDCtgAUW |
||
| 050 | 4 |
_aPL539 _b.O54 2008 |
|
| 100 | 1 |
_aOda, Masako. _eauthor _991709 |
|
| 245 | 1 | 0 |
_aJapanese graded readers : _blevel 1, vol. 3, part 13 / _c Masako Oda. |
| 260 |
_aJapan : _bAsk publishing, _c2008. |
||
| 300 |
_a23 pages : _billustrations ; _c22 cm. |
||
| 362 | _alevel 1, vol. 3, part 13 | ||
| 490 | 0 | _3Nihongo yomu yomu bunko. | |
| 500 | _aJapanese language. | ||
| 650 | 4 |
_aJapanese language _xConversation and phrase books. |
|
| 830 | 0 |
_aNihongo yomu yomu bunko _991690 |
|
| 887 |
_28 _aPapia Akter |
||
| 942 |
_2lcc _cBK _n0 |
||
| 999 |
_c18693 _d18693 |
||
| 888 | _28 | ||